Computer vision and applications : (Record no. 592023)

000 -LEADER
fixed length control field 01162cam a22002894a 4500
001 - CONTROL NUMBER
control field 11841590
003 - CONTROL NUMBER IDENTIFIER
control field NUST
005 - DATE AND TIME OF LATEST TRANSACTION
control field 20221024185020.0
008 - FIXED-LENGTH DATA ELEMENTS--GENERAL INFORMATION
fixed length control field 991110s2000 caua b 001 0 eng
010 ## - LIBRARY OF CONGRESS CONTROL NUMBER
LC control number 99068829
020 ## - INTERNATIONAL STANDARD BOOK NUMBER
International Standard Book Number 8131208451
020 ## - INTERNATIONAL STANDARD BOOK NUMBER
International Standard Book Number 0123797772 (alk. paper)
040 ## - CATALOGING SOURCE
Original cataloging agency DLC
Transcribing agency DLC
Modifying agency DLC
042 ## - AUTHENTICATION CODE
Authentication code pcc
050 00 - LIBRARY OF CONGRESS CALL NUMBER
Classification number TA1634
Item number .C648 2000
082 00 - DEWEY DECIMAL CLASSIFICATION NUMBER
Classification number 006.37,COM
Edition number 21
245 00 - TITLE STATEMENT
Title Computer vision and applications :
Remainder of title a guide for students and practitioners /
Statement of responsibility, etc. editors, Bernd Jähne and Horst Haussecker.
260 ## - PUBLICATION, DISTRIBUTION, ETC.
Place of publication, distribution, etc. San Diego :
Name of publisher, distributor, etc. Academic Press,
Date of publication, distribution, etc. c2000.
300 ## - PHYSICAL DESCRIPTION
Extent xxi, 679 p. :
Other physical details ill. ;
Dimensions 23 cm. +
Accompanying material 1 computer optical disc (4 3/4 in.)
505 ## - FORMATTED CONTENTS NOTE
Formatted contents note Part-1: Sensors and Imaging (Page-11), Part-1: Signals Processing Pattern Recognition (Page-211), Part-3: Application Gallery (Page-609).
650 #0 - SUBJECT ADDED ENTRY--TOPICAL TERM
Topical term or geographic name entry element Computer vision.
700 1# - ADDED ENTRY--PERSONAL NAME
Personal name Jähne, Bernd,
Dates associated with a name 1953-
9 (RLIN) 101329
700 1# - ADDED ENTRY--PERSONAL NAME
Personal name Haussecker, Horst.
9 (RLIN) 101330
856 41 - ELECTRONIC LOCATION AND ACCESS
Materials specified Table of contents
Uniform Resource Identifier <a href="http://www.loc.gov/catdir/toc/els033/99068829.html">http://www.loc.gov/catdir/toc/els033/99068829.html</a>
856 42 - ELECTRONIC LOCATION AND ACCESS
Materials specified Publisher description
Uniform Resource Identifier <a href="http://www.loc.gov/catdir/description/els033/99068829.html">http://www.loc.gov/catdir/description/els033/99068829.html</a>
942 ## - ADDED ENTRY ELEMENTS (KOHA)
Source of classification or shelving scheme
Koha item type Book
Call number prefix 006.37,COM
Holdings
Withdrawn status Lost status Source of classification or shelving scheme Damaged status Not for loan Permanent Location Current Location Shelving location Date acquired Full call number Barcode Date last seen Price effective from Koha item type Public note
          Military College of Signals (MCS) Military College of Signals (MCS) General Stacks 10/24/2022 006.37,COM MCS34465 10/24/2022 10/24/2022 Book Almirah No.7, Shelf No.3
© 2023 Central Library, National University of Sciences and Technology. All Rights Reserved.